000 00320nam a22001457a 4500
008 230317b ||||| |||| 00| 0 eng d
020 _a9781259765346
041 _aeng
080 _a159.9
082 _a159.9KIN
100 _a25
101 _aPSI
245 _aTHE SCIENCE OF PSYCHOLOGY
_cKING.A.L
942 _2udc
_cBK
999 _c59383
_d59383